| 000 | 01315nam a2200325Ia 4500 | ||
|---|---|---|---|
| 001 | ebr10359002 | ||
| 003 | CaPaEBR | ||
| 006 | m u | ||
| 007 | cr cn||||||||| | ||
| 008 | 091204s2010 maua sb 001 0 eng d | ||
| 020 | _z159693400X | ||
| 020 | _z9781596934009 | ||
| 040 |
_aCaPaEBR _cCaPaEBR |
||
| 035 | _a(OCoLC)547504250 | ||
| 050 | 1 | 4 |
_aTJ853.4.M53 _bM48 2010eb |
| 245 | 0 | 0 |
_aMethods in bioengineering _h[electronic resource] : _bbiomicrofabrication and biomicrofluidics / _cJeffrey D. Zahn, editor. |
| 260 |
_aBoston, Mass. ; _aLondon : _bArtech House, _c2010. |
||
| 300 |
_axiv, 352 p. : _bill. (some col.). |
||
| 490 | 1 | _aMethods in bioengineering series | |
| 504 | _aIncludes bibliographical references and index. | ||
| 533 |
_aElectronic reproduction. _bPalo Alto, Calif. : _cebrary, _d2010. _nAvailable via World Wide Web. _nAccess may be limited to ebrary affiliated libraries. |
||
| 650 | 0 |
_aBioengineering _xMethodology. |
|
| 650 | 0 | _aMicrofabrication. | |
| 650 | 0 | _aMicrofluidics. | |
| 655 | 7 |
_aElectronic books. _2local |
|
| 700 | 1 | _aZahn, Jeffrey D. | |
| 710 | 2 | _aebrary, Inc. | |
| 830 | 0 | _aArtech House methods in bioengineering series. | |
| 856 | 4 | 0 |
_uhttp://site.ebrary.com/lib/rucke/Doc?id=10359002 _zAn electronic book accessible through the World Wide Web; click to view |
| 999 |
_c208839 _d208839 |
||